| 000 | 01580nam a2200349 a 4500 | ||
|---|---|---|---|
| 001 | 64724 | ||
| 003 | BD-RjUL | ||
| 005 | 20211209081337.0 | ||
| 008 | 170219r19691929nyuac b 000 0 eng d | ||
| 020 | _a0836950887 | ||
| 035 | _a(BD-RjUL)64854 | ||
| 040 |
_aDLC _cDLC _dBD-RjUL _beng |
||
| 041 | 1 |
_aeng _hfre |
|
| 082 | 0 | 0 |
_a923.244 _224 _bBAO 1969 |
| 100 | 1 |
_aBarbe-Marbois, Francois _d1745-1837. _9191875 |
|
| 245 | 1 | 0 |
_aOur revolutionary forefathers : _bthe letters of Francois, Marquis de Barbe-Marbois, during his residence in the United States as secretary of the French legation, 1779-1785 / _cFrancois Barbe-Marbois ; Translated and edited with an introd. by Eugene Parker Chase. |
| 260 |
_aFreeport, N.Y. : _bBooks for Libraries Press, _c1969 |
||
| 300 |
_aix, 225 p. : _bill. ; _c23 cm. |
||
| 490 | 0 | _aSelect bibliographies reprint series | |
| 500 | _aReprint of the 1929 ed. | ||
| 504 | _aBibliography: p. 34-36. | ||
| 600 | 1 | 0 |
_aBarbé-Marbois, François, _cmarquis de, _d1745-1837 _xCorrespondence. _9191885 |
| 650 | 0 |
_aFrench _zUnited States _xHistory _y18th century _xSources. _9191877 |
|
| 650 | 0 |
_aDiplomats _zUnited States _xCorrespondence. _9191878 |
|
| 650 | 0 |
_aDiplomats _zFrance _xCorrespondence. _9191879 |
|
| 650 | 0 |
_aOneida Indians. _9191880 |
|
| 651 | 0 |
_aUnited States _xDescription and travel _xEarly works to 1800. _9191881 |
|
| 651 | 0 |
_aUnited States _xSocial life and customs _y1775-1783. _9191882 |
|
| 700 | 1 |
_aChase, E. P. _q(Eugene Parker), _d1895-1972. _9191883 |
|
| 830 |
_aSelect bibliographies reprint series _9191886 |
||
| 942 |
_2ddc _cBK |
||
| 999 |
_c64724 _d64724 |
||